Library Banner

Nanomaterials for sustainable energy / (Record no. 95215)

MARC details
000 -LEADER
fixed length control field 00751cam a22002418i 4500
001 - CONTROL NUMBER
control field 18853378
005 - DATE AND TIME OF LATEST TRANSACTION
control field 20170717105641.0
008 - FIXED-LENGTH DATA ELEMENTS--GENERAL INFORMATION
fixed length control field 151112s2015 dcu b 001 0 eng
020 ## - INTERNATIONAL STANDARD BOOK NUMBER
International Standard Book Number 9780841231160
040 ## - CATALOGING SOURCE
Transcribing agency PK-LaUMT
082 00 - DEWEY DECIMAL CLASSIFICATION NUMBER
Classification number 621.0420284
Edition number 23
Item number NAN-
245 00 - TITLE STATEMENT
Title Nanomaterials for sustainable energy /
Statement of responsibility, etc edited by Jingbo Louise Liu, and Sajid Bashir
260 ## - PUBLICATION, DISTRIBUTION, ETC. (IMPRINT)
Place of publication, distribution, etc Washington:
Name of publisher, distributor, etc American Chemical Society,
Date of publication, distribution, etc 2015
300 ## - PHYSICAL DESCRIPTION
Extent 287 p.
490 0# - SERIES STATEMENT
Series statement ACS symposium series ;
Volume number/sequential designation 1213
650 #0 - SUBJECT ADDED ENTRY--TOPICAL TERM
Topical term or geographic name as entry element Renewable energy sources
General subdivision Research.
650 #0 - SUBJECT ADDED ENTRY--TOPICAL TERM
Topical term or geographic name as entry element Power resources
General subdivision Research.
650 #0 - SUBJECT ADDED ENTRY--TOPICAL TERM
Topical term or geographic name as entry element Nanostructured materials.
700 1# - ADDED ENTRY--PERSONAL NAME
Personal name Liu, Jingbo Louise,
700 1# - ADDED ENTRY--PERSONAL NAME
Personal name Bashir, Sajid,
710 2# - ADDED ENTRY--CORPORATE NAME
Corporate name or jurisdiction name as entry element American Chemical Society.
942 ## - ADDED ENTRY ELEMENTS (KOHA)
Koha item type Books
Holdings
Withdrawn status Lost status Damaged status Home library Current library Date acquired Full call number Barcode Date last seen Price effective from Koha item type
      UMT Main Campus UMT Main Campus 2017-07-17 621.0420284 NAN- 110621 2018-11-05 2017-07-17 Books